La Compañía dividida : la oposición dentro de la orden jesuita entre los siglos XVI y XVII /

Gespeichert in:
Bibliographische Detailangaben
1. Verfasser: Catto, Michela (autor)
Format: Buch
Sprache:Spanisch
Veröffentlicht: México : Universidad Iberoamericana, Plantel Santa Fe, Departamento de Historia, 2016, c2016
Schlagworte:
Tags: Tag hinzufügen
Keine Tags, Fügen Sie das erste Tag hinzu!

MARC

LEADER 00000nam^a2200000^a^4500
001 000398777
005 20250526000000.0
009 20260310121534.497
020 |a 978-607-417-402-1 
037 |a Acervo ITESO - Biblioteca 
041 |a ESP 
082 |a 255. 5300903  |b CAT 
100 |a Catto, Michela  |e (autor) 
245 1 3 |a La Compañía dividida :  |b la oposición dentro de la orden jesuita entre los siglos XVI y XVII /  |c M. Catto ; tr. por Marlene Lelo de Larrea Arnal. 
264 4 |a México :  |b Universidad Iberoamericana, Plantel Santa Fe, Departamento de Historia,  |c 2016, c2016 
300 |a 367 p. ;  |c 21.5 cm. 
336 |a texto  |b txt  |2 rdacontenido 
337 |a sin mediación  |b n  |2 rdamedio 
338 |a volumen  |b nc  |2 rdasoporte 
500 |a Traducción de: La Compagnia divisa: il dissenso nell'ordine gesuitico tra "500 e 600" 
649 |a XX 
650 |a Jesuitas en Europa -  |x Historia -  |y 1517-1648 
650 |a Jesuitas -  |x Historia -  |y Siglo XVI -  |x Tema Principal 
650 |a Jesuitas -  |x Historia -  |y Siglo XVII -  |x Tema Principal 
650 |a Monasticismo y Ordenes Religiosas -  |x Historia -  |y Siglo XVI 
650 |a Monasticismo y Ordenes Religiosas -  |x Historia -  |y Siglo XVII 
650 |a Contrarreforma -  |x Historia 
650 |a Iglesia Católica -  |x Historia -  |y Siglo XVI 
650 |a Iglesia Católica -  |x Historia -  |y Siglo XVII 
650 |a Cristianismo y Política -  |x Historia -  |y Siglo XVI 
650 |a Cristianismo y Política -  |x Historia -  |y Siglo XVII 
650 |a Política y Religión -  |x Historia -  |y Siglo XVI 
650 |a Política y Religión -  |x Historia -  |y Siglo XVII 
650 |a Catolicismo -  |x Historia -  |y Siglo XVI 
650 |a Catolicismo -  |x Historia -  |y Siglo XVII 
650 |a Cristianismo -  |x Historia -  |y Siglo XVI 
650 |a Cristianismo -  |x Historia -  |y Siglo XVII 
650 |a Religión -  |x Historia -  |y Siglo XVI 
650 |a Religión -  |x Historia -  |y Siglo XVII 
650 |a Europa -  |x Historia -  |y 1517-1648 
650 |a Historia Moderna -  |y Siglo XVI 
650 |a Historia Moderna -  |y Siglo XVII 
650 |a Acquaviva, Claudio 
650 |a Berinzaga, Isabella 
650 |a Bobadilla, Nicolás 
650 |a Borja, Francisco de,  |c Santo 
650 |a Gagliardi, Achille 
650 |a Mariana, Juan de 
650 |a Mercuriano, Everardo 
650 |a Rodrigues, Simão 
600 |a Ribadeneyra, Pedro de 
910 |a Fondo General 
920 |a Impresos - Libros 
930 |a Libros Antiguos y Raros 
940 |a Jesuitas 
905 |a 108 
901 |a 0500294017  |b IT2  |c LRA  |i C156483  |u 20250526 
902 |a https://opac.biblio.iteso.mx/vufind/Record/000398777